El enemigo, "Pirulí", mi perro puertoriqueño y otros cuentos (Record no. 69475)

MARC details
000 -LEADER
campo de control de longitud fija 00737nam a2200193 i 4500
001 - NÚMERO DE CONTROL
campo de control 69475
003 - IDENTIFICADOR DE NÚMERO DE CONTROL
campo de control ES-MaACL
005 - FECHA Y HORA DE LA ÚLTIMA TRANSACCIÓN
campo de control 20230906170528.0
007 - CAMPO FIJO DE DESCRIPCIÓN FÍSICA--INFORMACIÓN GENERAL
campo de control de longitud fija t|
008 - DATOS DE LONGITUD FIJA--INFORMACIÓN GENERAL
campo de control de longitud fija 040706s1984 sp ||||1| spa d
020 ## - NÚMERO INTERNACIONAL ESTÁNDAR DEL LIBRO
Número Internacional Estándar del Libro 84-505-0294-2
100 1# - ENTRADA PRINCIPAL--NOMBRE DE PERSONA
Nombre de persona García Copado, Antonio.
9 (RLIN) 54380
245 13 - MENCIÓN DEL TÍTULO
Título El enemigo, "Pirulí", mi perro puertoriqueño y otros cuentos
Resto del título : (con un extenso vocabulario para estudiantes) /
Mención de responsabilidad, etc. Antonio García Copado ; ilustraciones: Antonio Rodríguez Calero.
260 ## - PUBLICACIÓN, DISTRIBUCIÓN, ETC.
Lugar de publicación, distribución, etc. Nueva York ;
-- Madrid :
Nombre del editor, distribuidor, etc. Puerto Rico de Autores Nuevos,
Fecha de publicación, distribución, etc. [1984]
300 ## - DESCRIPCIÓN FÍSICA
Extensión 183 p. :
Otras características físicas il. ;
Dimensiones 22 cm.
700 1# - ENTRADA AGREGADA--NOMBRE PERSONAL
Nombre de persona Rodríguez Calero, Antonio.
9 (RLIN) 98398
710 1# - ENTRADA AGREGADA--NOMBRE DE ENTIDAD CORPORATIVA
Nombre de entidad corporativa o nombre de jurisdicción como elemento de entrada Córdoba.
Unidad subordinada Ayuntamiento.
9 (RLIN) 3298
852 ## - LOCALIZACIÓN
Ubicación ES-MaACL
Número de control de estantería L-11541
Sublocalización o colección R.108636
Holdings
Estatus retirado Estado de pérdida Estado de daño No para préstamo Biblioteca de origen Biblioteca actual Ubicación en estantería Fecha de adquisición Fuente de adquisición Total de préstamos Signatura topográfica completa Código de barras Visto por última vez Precio de reemplazo Tipo de ítem Koha
        Biblioteca del Ateneo de Madrid Biblioteca del Ateneo de Madrid Depósito 2 17/01/2008     L-11541 1072752 23/02/2023 23/02/2023 Libro impreso